Contemporary marketing / (Record no. 143388)

MARC details
000 -LEADER
fixed length control field 00901nam a2200277 a 4500
003 - CONTROL NUMBER IDENTIFIER
control field OSt
005 - DATE AND TIME OF LATEST TRANSACTION
control field 20240222124158.0
008 - FIXED-LENGTH DATA ELEMENTS--GENERAL INFORMATION
fixed length control field
020 ## - INTERNATIONAL STANDARD BOOK NUMBER
International Standard Book Number 003022814X (hardback)
040 ## - CATALOGING SOURCE
Transcribing agency NUST
Original cataloging agency NUST
Language of cataloging eng
Modifying agency NUST
Description conventions rda
050 ## - LIBRARY OF CONGRESS CALL NUMBER
Classification number HF5415 BOO
100 1# - MAIN ENTRY--PERSONAL NAME
Relator term Author
Fuller form of name Boone, Louis E
245 10 - TITLE STATEMENT
Title Contemporary marketing /
Statement of responsibility, etc. Louis E. Boone, David L. Kurtz.
250 ## - EDITION STATEMENT
Edition statement Sixth edition
260 ## - PUBLICATION, DISTRIBUTION, ETC.
Place of publication, distribution, etc. Chicago :
Name of publisher, distributor, etc. Dryden Press,
Date of publication, distribution, etc. ©1989.
300 ## - PHYSICAL DESCRIPTION
Extent xxxix, 700, [57] pages. :
Other physical details colour. illustrations. ;
Dimensions 27 cm.
336 ## - CONTENT TYPE
Source rdacontent
Content type term text
Content type code tex
337 ## - MEDIA TYPE
Source rdamedia
Media type term unmediated
Media type code n
338 ## - CARRIER TYPE
Source rdacarrier
Carrier type term volume
Carrier type code nc
440 #4 - SERIES STATEMENT/ADDED ENTRY--TITLE
Title The Dryden Press series in marketing.
504 ## - BIBLIOGRAPHY, ETC. NOTE
Bibliography, etc. note Includes bibliographical references.
650 #0 - SUBJECT ADDED ENTRY--TOPICAL TERM
Topical term or geographic name entry element Marketing.
700 1# - ADDED ENTRY--PERSONAL NAME
Personal name Kurtz, David L.
907 ## - LOCAL DATA ELEMENT G, LDG (RLIN)
a .b10018499
b 24-04-12
c 17-04-03
942 ## - ADDED ENTRY ELEMENTS (KOHA)
Koha item type Ordinary Loan Books
Call number prefix HF5415
Call number suffix BOO
Holdings
Date last seen Total Checkouts Full call number Barcode Accession number Cost, replacement price Price effective from Koha item type Public note Lost status Source of classification or shelving scheme Damaged status Not for loan Collection Withdrawn status Home library Current library Shelving location Date acquired Source of acquisition Cost, normal purchase price
01/23/2023 39 HF5415 BOO 92003004674 16980 73.00 01/23/2023 BOOKS Donation   LCC   1 NFIC   MAIN MAIN GEN 01/23/2023 Book Aid International 73.00
01/23/2023 70 HF5415 BOO 92003004764 16981 73.00 01/23/2023 BOOKS Donation   LCC   1 NFIC   MAIN MAIN GEN 01/23/2023 Book Aid International 73.00
01/23/2023 22 HF5415 BOO 92003004238 14318 73.00 01/23/2023 BOOKS Donation   LCC   1 NFIC   MAIN MAIN GEN 01/23/2023 Book Aid International 73.00
01/23/2023 75 HF5415 BOO 92003011811 16984 73.00 01/23/2023 BOOKS Donation   LCC   1 NFIC   MAIN MAIN GEN 01/23/2023 Book Aid International 73.00
02/22/2024   HF5415 BOO   16985 73.00 10/11/2018 BOOKS Donation   LCC     NFIC   MAIN MAIN GEN 10/11/2018 Book Aid International 73.00